Основи конфліктології та теорії переговорів (Запис № 322211)

МАРК-запис
000 -Лідер
fixed length control field 00763nam a22002537a 4500
001 - Контрольний номер
control field 35909
003 - Ідентифікатор контрольного номера
control field UA-OsUOA
005 - Дата та час останнього входження (трансакції)
control field 20230504161229.0
007 - Фіксоване поле фізичного опису
fixed length control field ta
008 - Елементи даних фіксованої довжини – загальна інформація
fixed length control field 20051227b un ||||| |||| 00| 0 ukr d
020 ## - Міжнародний стандартний книжковий номер (ISBN)
Міжнародний стандартний книжковий номер (ISBN) (НП) 9667982793
040 ## - Джерело каталогізації
Агенція оригінальної каталогізації UA-OsUOA
Мова каталогізації ukr
Агенція, яка здійснювала перезапис UA-OsUOA
Агенція, яка здійснювала модифікацію UA-OsUOA
041 ## - Код мови
Код мови тексту/ звукової доріжки чи окремого заголовка (П) ukr
080 ## - Індекс Універсальної десяткової класифікації
Індекс Універсальної десяткової класифікації (УДК) (НП) 316.48(075.8)
090 ## - Локальний шифр розміщення
Класифікаційний індекс УДК 316.48(075.8)
Авторський знак (НП) Ц98
100 ## - Основне введення – ім’я особи
Ім’я особи (НП) Цюрупа М. В.
245 ## - Відомості про назву
Назва (НП) Основи конфліктології та теорії переговорів
Решта назви (НП) навчальний посібник
260 ## - Публікація, розповсюдження і т.п. (Вихідні дані)
Місце публікації, розповсюдження і т.п. (П) К.
Ім’я/ наймення видавництва, розповсюджувача і т.п. (П) Кондор
Дата публікації, розповсюдження і т.п. (П) 2004
300 ## - Фізичний опис
Обсяг 172 с.
650 #7 - Додаткове предметне введення – тематичний термін
Тематичний термін чи географічна назва, як елемент введення (НП) 316 Соціологія
Джерело заголовка чи терміна UDC
942 ## - Додаткові елементи входу (Коха)
Тип елемента Koha Книги
Source of classification or shelving scheme Universal Decimal Classification
955 ## - Код типу видання за змістом
Код типу видання за змістом (НП) Навчальні видання
Фонди
Стан вилучень Стан втрат Джерело класифікації або схеми стелажів Стан уражень Не для кредиту Постійне місце розташування Поточне розміщення Дата придбання Джерело придбання Вартість, звичайна ціна покупки Інвентарний номер Усього замовленно Повний номер виклику Штрих-код Дата останнього перегляду Ціна ефективна від Тип елемента Koha Дата останньої перевірки
    Universal Decimal Classification     АБ - Абонемент НБ АБ - Абонемент НБ 09/08/2006 81/2006 18.00 97780   316.48(075.8) Ц98 97780 18/11/2021 27/12/2005 Книги  
    Universal Decimal Classification     АБ - Абонемент НБ АБ - Абонемент НБ 09/08/2006 81/2006 18.00 97781   316.48(075.8) Ц98 97781 18/11/2021 27/12/2005 Книги  
    Universal Decimal Classification     АБ - Абонемент НБ АБ - Абонемент НБ 09/08/2006 81/2006 18.00 97782   316.48(075.8) Ц98 97782 18/11/2021 27/12/2005 Книги  
    Universal Decimal Classification     АБ - Абонемент НБ АБ - Абонемент НБ 13/08/2008 101/2008 5.00 114468   316. 48 (075.8) Ц 98 114468 18/11/2021 06/02/2007 Книги  
    Universal Decimal Classification     ЧЗ - Читальна зала ЧЗ - Читальна зала 27/12/2005 155/2005 14.40 89617   316.48(075.8) Ц98 89617 06/02/2022 27/12/2005 Книги  
    Universal Decimal Classification     ЧЗ - Читальна зала ЧЗ - Читальна зала 27/12/2005 155/2005 14.40 89618   316.48(075.8) Ц98 89618 06/02/2022 27/12/2005 Книги  
    Universal Decimal Classification     ЧЗ - Читальна зала ЧЗ - Читальна зала 27/12/2005 155/2005 14.40 89619   316.48(075.8) Ц98 89619 06/02/2022 27/12/2005 Книги  
    Universal Decimal Classification     ЧЗ - Читальна зала ЧЗ - Читальна зала 27/12/2005 155/2005 14.40 89620   316.48(075.8) Ц98 89620 07/02/2022 27/12/2005 Книги  
    Universal Decimal Classification     ЧЗ - Читальна зала ЧЗ - Читальна зала 27/12/2005 155/2005 14.40 89621   316.48(075.8) Ц98 89621 06/02/2022 27/12/2005 Книги  
    Universal Decimal Classification     ЧЗ - Читальна зала ЧЗ - Читальна зала 08/08/2006 80/2006 21.60 97655   316.48(075.8) Ц98 97655 07/02/2022 27/12/2005 Книги  
    Universal Decimal Classification     ЧЗ - Читальна зала ЧЗ - Читальна зала 08/08/2006 80/2006 21.60 97656   316.48(075.8) Ц98 97656 07/02/2022 27/12/2005 Книги  
    Universal Decimal Classification     ЧЗ - Читальна зала ЧЗ - Читальна зала 08/08/2006 80/2006 21.60 97657   316.48(075.8) Ц98 97657 07/02/2022 27/12/2005 Книги  
    Universal Decimal Classification     ЧЗ - Читальна зала ЧЗ - Читальна зала 06/02/2007 13/2007 17.60 102769 1 316. 48 (075.8) Ц 98 102769 07/02/2022 06/02/2007 Книги 09/02/2021